Pstruholov v Amerike

Bibliographic Details
Main Author: Brautigan, Richard, 1935-1984 (Author)
Other Authors: Vilikovský, Ján, 1937-2023 (Translator), Baštín, Štefan, 1947-2009 (Author of afterword, colophon, etc.)
Format: Book
Language:Slovak
English
PhysicalDescription:303 strán 21 cm
Published: Bratislava Slovenský spisovateľ 1987
Edition:1. vyd.
Series:Tvorba národov
Subjects:

MARC

LEADER 00000cam a2200000 a 4500
001 vtls001123884
003 SK-MaSNL
005 20260301151457.0
008 230501s1987 xo gr 0000j slo
015 |a SNBA1988/03 
020 |q (viazané) 
035 |a SNK000066727 
035 |a EDB5D08A-560A-45AA-A290-A6C53630144A 
035 |a urn:nbn:sk:snk-am00ijhl 
040 |a SNK  |b slo  |c SNK  |e AACR2 
041 1 |a slo  |h eng 
044 |a xo  |c SK 
072 7 |a 821.111(73)-3  |x Americká próza  |2 konspekt 
080 |a 820 (73)-3(081)  |2 1997 
080 |a 821.111(73)-3  |2 2011 
100 1 |a Brautigan, Richard,  |d 1935-1984  |4 aut  |9 151567 
245 1 0 |a Pstruholov v Amerike  |c Richard Brautigan ; z anglických originálov Trout Fishing in America, The Hawkline Monster, So the Wind Won't Blow It All Away ... preložil Ján Vilikovský ; doslov napísal Štefan Baštín 
250 |a 1. vyd. 
260 |a Bratislava  |b Slovenský spisovateľ  |c 1987  |e Banská Bystrica  |f Tlačiarne SNP 
300 |a 303 strán  |c 21 cm 
366 |e 10000 výtl. 
490 1 |a Tvorba národov 
500 |a Rozložená ilustrovaná titulná strana 
655 7 |a americké prózy  |2 SNKPH  |9 70628 
700 1 |a Vilikovský, Ján,  |d 1937-2023  |4 trl  |9 99553 
700 1 2 |a Brautigan, Richard,  |d 1935-1984  |t Trout Fishing in America  |l Slovensky  |9 510237 
700 1 2 |a Brautigan, Richard,  |d 1935-1984  |t The Hawkline Monster  |l Slovensky  |9 510238 
700 1 2 |a Brautigan, Richard,  |d 1935-1984  |t So the Wind Won't Blow It All Away  |l Slovensky  |9 510239 
700 1 |a Baštín, Štefan,  |d 1947-2009  |4 aft  |9 151022 
830 0 |a Tvorba národov  |9 280344 
852 |a Slovenská národná knižnica 
954 |a beletria cudzojazyčná (svetová)  |2 lita 
958 |a LX 
958 |a TL 
958 |a UP 
958 |a SV 
958 |a OND 
968 |b ENG 
999 |c 786709  |d 788639 
952 |a SNK  |b SNK  |y PREZ  |7 0  |p 17A0936417  |o snkSC 70640  |i snkKSP 115/88  |0 0  |1 0  |4 0  |d 2012-09-17  |f 1  |l 0  |r 2025-07-21 00:00:00  |w 2026-02-24 
952 |t P60, <05>, [BOOK], {605}  |a SNK  |b SNK  |y PREZ  |7 0  |p 17A0040711  |o snkSC 70640 D1  |0 0  |1 0  |4 0  |d 1997-02-26  |l 0  |r 2004-12-31 00:00:00  |w 2026-02-24